01285nam a2200289 a 4500001001300000003000900013005001700022008004100039020001800080040002800098082001700126240003300143245020500176250003600381260011000417300004600527504005900573650006100632650005100693650004700744700003800791700003600829700004000865700003400905700002600939700003000965C01543644c-9CO-ViMGA20250801162558.0160920s2015 ck a gr 00010 spa d a9789587402032 aCO-ViMGAbspacCO-ViMGA04a633.2 bB15b10aMeta-Bibliografía regional10aBancos forrajeros en sistemas agrosilvopastoriles para la alimentación animal en el piedemonte del Meta / cGuillermo Alonso Bueno Guzmán, Óscar Pardo Barbosa, Otoniel Pérez López [y otros]. aEditora Liliana Gaona García. aBogotá : bCorporación Colombia de Investigación Agropecuaria :bMinisterio de Agricultura, c2015. a86 páginas : bilustraciones ; c24 cm. aIncluye referencias bibliográficas (páginas 79-84)14aAlimentos para animalesx Producciónz Meta (Colombia)14aPlantas forrajerasx Cultivoz Meta (Colombia)14aSistemas silvopastorilesz Meta (Colombia)1 aBueno Guzmán, Guillermo Alonso.1 aCerinza Murcia, Óscar Javier.1 aGaona García, Liliana, eeditora.1 aPabón Leal, Diego Mauricio.1 aPardo Barbosa, Oscar.1 aPérez López, Otoniel.